| 000 | 02145 a2200265 4500 | ||
|---|---|---|---|
| 001 | 47211 | ||
| 005 | 20260407155740.0 | ||
| 008 | 260407a1995 arg spa d | ||
| 003 | AR-UNSa-BCEJYS | ||
| 040 |
_aAR-UNSa-BCEJYS _bspa _cAR-UNSa-BCEJYS |
||
| 080 |
_a339.9 _xEconomía internacional en general. Relaciones económicas internacionales. Economía mundial |
||
| 245 | 1 | 0 | _aEconomía Internacional |
| 020 | _a978-958-600-248-6 | ||
| 264 | 1 |
_aBogotá : _bMcGraw-Hill _c1995 |
|
| 300 |
_a815 p. _c23 cm. |
||
| 505 | _a1. Introducción - 2. Ley de la ventaja comparativa - 3. Teoría fundamental del comercio internacional - 4. Demanda y oferta, curvas de oferta, y términos de intercambio - 5. Dotaciones de los factores de producción y la teoría de Heckscher-Ohlin - 6. Economías de escala, competencia imperfecta y comercio internacional - 7. Crecimiento económico y comercio internacional - 8. Restricciones comerciales : aranceles - 9. Barreras comerciales no arancelarias y neoproteccionismo - 10. Integración económica : uniones aduaneras y áreas de libre comercio - 11. Comercio internacional y desarrollo económico - 12. Movilidad internacional de recursos y empresas multinacionales - 13. Mercados de divisas y tasas de cambio - 14. Balanza de pagos - 15. Mecanismo de ajuste del precio en sistemas de tasas de cambio flexible y fija - 16. Mecanismo ajuste-ingreso y síntesis de los ajustes automáticos - 17. Macroeconomía de una economía abierta : políticas de ajuste - 18. El enfoque monetario y el modelo de equilibrio de portafolio - 19. Tasas de cambio flexibles versus tasas de cambio fijas, el sistema monetario europeo y la coordinación de la política macroeconómica - 20. Sistema monetario internacional : evolución y situación actual. | ||
| 942 | _cBK | ||
| 590 | _aniveau_biblio:m niveau_hierar:0 | ||
| 100 | 1 | _aSalvatore, Dominick | |
| 700 | 1 | _aCano, Leonardo | |
| 700 | 1 | _aMejia Duque, María Victoria | |
| 700 | 1 | _aVillamizar, Germán Alberto | |
| 700 | 1 | _aBahamón, Luis Alfonso | |
| 856 | 4 | 1 |
_uhttps://www.biblioeco.unsa.edu.ar/pmb/images/libros/L127434.jpg _yImagen de portada _qimage/jpeg |
| 999 |
_c4319 _d4319 |
||